Coastal zone planning and management: proceedings of the Conference Coastal management '92: integrating coastal zone planning and management in the next century
Сохранить в:
| Формат: | |
|---|---|
| Язык: | английский |
| Опубликовано: |
Londres
Thomas Telford
1992
|
| Редактирование: | 1a. ed |
| Предметы: | |
| Метки: |
Добавить метку
Нет меток, Требуется 1-ая метка записи!
|
MARC
| LEADER | 00000nam a2200000 a 4500 | ||
|---|---|---|---|
| 001 | UCJ0978 | ||
| 003 | CL-VaPUC | ||
| 008 | 060929e19920000UK |||||||||||||||||eng|d | ||
| 020 | |a 0727719041 | ||
| 082 | 0 | 4 | |a 333.784 |b COA |2 21 |
| 245 | 1 | 0 | |a Coastal zone planning and management: proceedings of the Conference Coastal management '92: integrating coastal zone planning and management in the next century |
| 250 | |a 1a. ed | ||
| 300 | |a 327 p | ||
| 942 | |c BK | ||
| 945 | |d 20060929 00:00:00 |a cmena | ||
| 260 | |a Londres |b Thomas Telford |c 1992 | ||
| 650 | 0 | |a Zona costera |9 358253 | |
| 650 | 0 | |a Planificación estratégica |9 259735 | |
| 650 | 7 | |a GESTION DE RECURSOS NATURALES |2 CL-VaPUC |9 465748 | |
| 583 | |a last modification |c 20140409 04:19:51 |k Rodrigo Vera | ||
| 999 | |c 317711 |d 317709 | ||
| 952 | |0 0 |1 0 |4 0 |6 333_784000000000000_COA_1992 |7 0 |8 CCM |9 394588 |a BIBCUR |b BIBCUR |d 2019-11-22 |i 4283325 |o 333.784 COA 1992 |p 4283325 |r 2025-04-22 |w 2019-11-22 |y BK |k CIM | ||